| 000 | 00980cam a2200253 i 4500 | ||
|---|---|---|---|
| 003 | SA-RiAUC | ||
| 005 | 20260307123922.0 | ||
| 008 | 260221s1896 ti g 000 0 ara c | ||
| 040 |
_aSA-JeALM _bara _cSA-RiAUC _erda |
||
| 082 | 0 | 4 |
_a258.1 _qSA-RiAUC |
| 090 |
_aم ن 258.1 _bع ل ي |
||
| 100 | 0 |
_aعلي باي _bالثاني، _cباي تونس، _d1233-1320 هجري _eمؤلف. |
|
| 245 | 1 | 0 |
_aكتاب مناهج التعريف بأصول التكليف / _cعلي باشا. |
| 246 | 3 | 0 | _aمناهج التعريف بأصول التكليف |
| 264 | 1 |
_aتونس : _bالمطبعة العمومية، _c1896 |
|
| 300 |
_a[190] صفحة ؛ _c29 سم |
||
| 336 |
_aنص _btxt _2rdacontent _3كتاب |
||
| 337 |
_aبدون وسيط _bn _2rdamedia |
||
| 338 |
_aمجلد _bnc _2rdacarrier |
||
| 650 | 7 |
_aالفقه الحنفي _2aucsh |
|
| 650 | 7 |
_aالفقه الإسلامي _xمذاهب _2aucsh |
|
| 942 |
_2ddc _cRBOOK COPY _n0 |
||
| 949 |
_aSA-JeALM _d260221 _umohamedma123 _n1 |
||
| 999 |
_c14520 _d14520 |
||